| 000 | 00617nam a2200229Ia 4500 | ||
|---|---|---|---|
| 008 | 160803s9999 xx 000 0 und d | ||
| 020 | _a9781580138451 | ||
| 100 | _aCleary, Brian | ||
| 245 | _aOn the scale : | ||
| 245 | _ba weighty tale / | ||
| 245 | _cby Brian P. Cleary ; illustrated by Brian Gable. | ||
| 260 | _aNew York : | ||
| 260 | _bScholastic Inc. | ||
| 260 | _c2008 | ||
| 300 | _a31 pages : | ||
| 300 | _bcolor illustrations ; | ||
| 300 | _c24 cm. | ||
| 650 | _aWeight (Physics) -- Measurement -- | ||
| 650 | _aWeights and measures. | ||
| 650 | _xJuvenile literature. | ||
| 700 | _a780 | ||
| 999 |
_c298825 _d298825 |
||